[Event "CZE-chT 0001"]
[Site "Czech Republic"]
[Date "2001.04.08"]
[Round "11"]
[White "Netusil, Miloslav"]
[Black "Efler, Lukas"]
[Result "1-0"]
[WhiteElo "2286"]
[BlackElo "2247"]
[PlyCount "57"]
[EventDate "2000.11.19"]
[EventType "team-tourn"]
[EventRounds "11"]
[EventCountry "CZE"]
[SourceTitle "EXT 2019"]
[Source "ChessBase"]
[SourceDate "2018.10.10"]
[SourceVersion "1"]
[SourceVersionDate "2018.10.10"]
[SourceQuality "1"]
[WhiteTeam "Vysehrad SK Sokol"]
[BlackTeam "Kolin SK Sokol"]
[WhiteTeamCountry "CZE"]
[BlackTeamCountry "CZE"]

1. d4 d5 2. c4 e6 3. cxd5 exd5 4. Nc3 c5 5. Nf3 Nc6 6. g3 Nf6 7. Bg2 Be7 8. 0-0 0-0 9. b3 Ne4 10. Bb2 Bf6 11. Na4 b5 12. Nxc5 Nxc5 13. Rc1 Nxb3 14. Qxb3 Qb6 15. Qxd5 Bb7 16. Qc5 Qa6 17. Qa3 Qb6 18. Rfd1 Rad8 19. Qc5 Qa6 20. e4 Be7 21. Qf5 Qxa2 22. Qxb5 Rb8 23. Ra1 Qe6 24. d5 Qxe4 25. dxc6 Bxc6 26. Qe5 Rxb2 27. Qxb2 Bf6 28. Qb1 Qg4 29. h3 1-0

[Event "CZE-chT2a 0001"]
[Site "Czech Republic"]
[Date "2001.??.??"]
[Round "8"]
[White "Efler, Lukas"]
[Black "Hlavacek, Robert"]
[Result "1-0"]
[WhiteElo "2245"]
[BlackElo "2235"]
[PlyCount "71"]
[EventDate "2000.??.??"]
[EventType "team"]
[EventRounds "11"]
[EventCountry "CZE"]
[SourceTitle "EXT 2003"]
[Source "ChessBase"]
[SourceDate "2002.11.25"]
[SourceVersion "1"]
[SourceVersionDate "2002.11.25"]
[SourceQuality "1"]

1. e4 d6 2. d4 Nf6 3. Nc3 c6 4. g3 Qa5 5. Bg2 Nbd7 6. Nge2 e5 7. 0-0 Be7 8. a3 0-0 9. h3 b5 10. b4 Qc7 11. a4 bxa4 12. Nxa4 a5 13. bxa5 Rxa5 14. Bd2 Ra7 15. Be3 Ra5 16. Nb2 Ba6 17. Qd2 Rxa1 18. Rxa1 Qb7 19. Nd3 Bxd3 20. cxd3 Ra8 21. Rxa8+ Qxa8 22. f4 Qa4 23. Kh2 h6 24. Qc3 Bd8 25. dxe5 Ba5 26. Qb2 dxe5 27. fxe5 Nh7 28. Nd4 c5 29. Nf5 Qb4 30. Qf2 Nxe5 31. Bxc5 Qd2 32. Ne7+ Kh8 33. Qf5 Bd8 34. Qxe5 Ng5 35. Qf5 Qxd3 36. Nd5 1-0